000 02798ncm0a2200397 4500
001 RU\NLR\ONIZ\215708
005 20250626045012.0
010 _a978-5-9973-0973-2
021 _aRU
_b10-433н
_910-37н
035 _a(NLR Aleph) 011338062
090 _a11175283
_c11175283
100 _a20161121d2010 |||y0rusy50 ca
101 0 _arus
102 _aRU
125 _aaa
200 1 _aВесна
_bНоты
_e[кантата] в переложении для 2 фортепиано, баритона и смешанного хора
_eучебное пособие для музыкальных факультетов вузов
_hВып. 1
_fС. В. Рахманинов
210 _aМосква
_cСпутник+
_d2010
215 _a60
_d30 см
313 _aСистематизация документа проведена по изданию - Методика классифицирования музыкальных произведений (нотных изданий) по таблицам Библиотечно-библиографических классификаций : метод. рекомендации / Гос. б-ка СССР им. В.И. Ленина.- М., 1977. Индексу ББК методических рекомендаций присваивается код ББК для научных библиотек - LBC/SL
423 0 _12001#$aМузыкальная изобразительность в кантате С. В. Рахманинова "Весна"$bМультимедиа$fО. В. Георгиевская
_1300##$aНаучная статья: с. 4-15
_1700#1$9z01790$aГеоргиевская$bО. В.$gОльга Владимировна$4070$7ca
_1790#1$9z01700$aGeorgievskaja$bO. V.$gOl`ga Vladimirovna$4070$7ba
_tМузыкальная изобразительность в кантате С. В. Рахманинова "Весна"
_aГеоргиевская, Ольга Владимировна
606 1 _aРусская музыка
_yРоссия
_z20-21 в.
_jНоты
_2nlr_sh
686 _aЩ963(28)П
_vLBC/SL
_2rubbk
686 _aЩ93(28)
_vLBC/SL
_2rubbk
700 1 _9z01790
_aРахманинов
_bС. В.
_f1873-1943
_gСергей Васильевич
_4230
_7ca
702 1 _9z02790
_aГеоргиевская
_bО. В.
_gОльга Владимировна
_4070
_7ca
790 1 _9z01700
_aRaxmaninoff
_bS. V.
_f1873 - 1943
_gSergej Vasil'evich
_4230
_7ba
790 1 _9z02702
_aGeorgievskaja
_bO. V.
_gOl`ga Vladimirovna
_4070
_7ba
801 0 _aRU
_bNLR
_c20161121
_gPSBO
801 1 _aRU
_bNLR
_c20161121
_2rusmarc
801 2 _aRU
_bNLR
_c20220708
852 _aNLR
_bМ
_jК-3/28140
_pМОЭ 2010-37н/433н
_t1
852 _aNLR
_bМ
_jК-3/28140а
_pМОЭ 2010-37н/433на
_t2
942 _cSCORE
980 _aNB
980 _aONIZ